|
|
|
|
| LEADER |
00910nam a22002537a 4500 |
| 001 |
38754 |
| 003 |
BD-DhAAL |
| 008 |
220529t2022 bg ||||| b||| 00| 0 eng d |
| 999 |
|
|
|c 44263
|d 44263
|
| 040 |
|
|
|a BD-DhAAL
|c BD-DhAAL
|
| 100 |
|
|
|a Ahasan, Abu
|9 48810
|
| 245 |
|
|
|a Formation of Brac :
|b a historical account /
|c Abu Ahasan and Sumaiya Iqbal ; edited by Nusrat Jahan and Mihid Hasan
|
| 260 |
|
|
|a Dhaka :
|b BIGD, Brac University and Brac,
|c 2022.
|
| 300 |
|
|
|a iii, 62 pages ;
|c 24 cm.
|
| 490 |
|
|
|a BIGD Monograph ;
|v No. 1
|
| 504 |
|
|
|a Includes bibliographical references (pages 57-62).
|
| 541 |
|
|
|a Complimentary copy from BIGD
|e 38754, 38755, 38756, 38757, 38758
|
| 650 |
|
|
|a BRAC
|9 48811
|
| 650 |
|
|
|a Rural Development
|z Bangladesh.
|9 48812
|
| 700 |
|
|
|a Iqbal, Sumaiya
|9 48813
|
| 700 |
|
|
|a Jahan, Nusrat
|9 48814
|
| 700 |
|
|
|a Hasan, Mihid
|9 48815
|
| 852 |
|
|
|a Ayesha Abed Library
|c Reserved Section
|
| 942 |
|
|
|2 ddc
|c BK
|